Top 5 Girl Names By US State - Statistics

General Stats
  • This quiz has been taken 208 times
  • The average score is 178 of 255
Answer Stats
Hint Answer % Correct
Alabama | Arizona | Arkansas | +46 others Emma
83%
Alabama | Alaska | Arizona | +47 others Olivia
83%
Alabama | Arkansas | Connecticut | +24 others Ava
80%
Alaska | Arizona | California | +12 others Sophia
72%
Alaska | Colorado | Connecticut | +26 others Charlotte
66%
Arizona | California | Colorado | +13 others Isabella
65%
Dist. of Columbia | Wyoming Elizabeth
64%
Alabama | Alaska | Arkansas | +16 others Amelia
63%
Arizona | California | Florida | +5 others Mia
61%
Montana Abigail
44%
Colorado | Idaho | Iowa | +8 others Evelyn
44%
Alabama | Arkansas | Idaho | +19 others Harper
44%
Hawaii Aria
32%
Hawaii Mila
30%
Utah Lucy
28%
Vermont Nora
24%
Alaska Aurora
10%
Mississippi Skylar
3%
No matching quizzes found
Score Distribution
Percent of People with Each Score
Percentile by Number Answered
Your Score History
You have not taken this quiz